LEADER 01413nam0-22004451i-450- 001 990003789580403321 005 20090226124358.0 010 $a88-397-0588-0 035 $a000378958 035 $aFED01000378958 035 $a(Aleph)000378958FED01 035 $a000378958 100 $a20090226d1990----km-y0itay50------ba 101 0 $aita 102 $aIT 105 $ay-------001cy 200 1 $aCrescere con lo spot$epubblicità televisiva e socializzazione infantile$fGianni Statera, Sara Bentivegna, Mario Morcellini$gpremessa di Francesco Spinelli 210 $aTorino$cNuova Eri$dc1990 215 $a158 p.$ctab.$d21 cm 225 1 $a<>comunicazioni di massa$v41 610 0 $aPubblicità televisiva$aInfluenza sui bambini 610 0 $aBambini$aSocializzazione 610 0 $aPubblicità$aAspetti sociali 610 0 $aBambini e pubblicità televisiva 676 $a659.143 083 676 $a303.327 676 $a659.104 2 676 $a302.234 5 700 1$aStatera,$bGianni$f<1953-1999>$0343065 701 1$aBentivegna,$bSara$f<1959- >$0143414 701 1$aMorcellini,$bMario$f<1946- >$0376367 801 0$aIT$bUNINA$gRICA$2UNIMARC 901 $aBK 912 $a990003789580403321 952 $a659.143083 BEN 1$b2314$fBFS 952 $aCOLLEZ. 816 (41)$b36025$fFSPBC 959 $aBFS 959 $aFSPBC 996 $aCrescere con lo spot$9506439 997 $aUNINA LEADER 01535nam 2200445 450 001 000012106 005 20050718115400.0 010 $a88-207-3327-7 100 $a20030401d2001----km-y0itay0103----ba 101 0 $aita 102 $aIT 200 1 $a<> introduzione alla fisica tecnica$etermofluidodinamica applicata$fGianpaolo Ruocco 210 $aNapoli$cLiguori$d2001 215 $aXII, 186 p.$cill.$d24 cm. 225 2 $aManuali 410 0$12001$aManuali 606 $aFisica tecnica 606 $aTermodinamica applicata 606 $aCalore$xTrasmissione 606 $aFluidi$xDinamica 676 $a536.7$v(21. ed.)$9Termodinamica 676 $a536.2$v(21. ed.)$9Trasmissione del calore 676 $a532$v(21. ed.)$9Meccanica dei fluidi. Meccanica dei liquidi 700 1$aRuocco,$bGianpaolo$0440993 801 0$aIT$bUniversità della Basilicata - B.I.A.$gRICA$2unimarc 912 $a000012106 996 $aIntroduzione alla fisica tecnica$978235 997 $aUNIBAS BAS $aMONAGR BAS $aAGRARIA CAT $aTORRE$b20$c20030401$lBAS01$h1842 CAT $aTORRE$b20$c20030402$lBAS01$h1649 CAT $aTORRE$b20$c20030403$lBAS01$h1007 CAT $c20050601$lBAS01$h1754 CAT $abatch$b01$c20050718$lBAS01$h1051 CAT $c20050718$lBAS01$h1110 CAT $c20050718$lBAS01$h1140 CAT $c20050718$lBAS01$h1154 FMT Z30 -1$lBAS01$LBAS01$mBOOK$1BASA2$APolo Tecnico-Scientifico$2DID$BDidattica$3PTS.s2.p46.4$699638$5T99638$820030402$f98$FConsultazione